000 01439cam a2200349 a 4500
001 EDZ0000067554
003 StDuBDS
005 20161031105207.0
006 m||||||||d||||||||
007 cr |||||||||||
008 120405s2004 enka fo| 001|0|eng d
020 _a9781446215227 (ebook) :
_cNo price
040 _aStDuBDS
_beng
_cStDuBDS
_epn
049 _aAlfaisal Main Library
050 0 _aLB1631
_b.P54 2004
082 0 4 _a428.0071241
_223
100 1 _aPike, Mark A.
245 1 0 _aTeaching secondary English
_h[electronic resource] /
_cMark A. Pike.
260 _aLondon :
_bPaul Chapman,
_cc2004.
300 _a1 online resource (x, 198 p.) :
_bill.
504 _aIncludes bibliographical references and index.
520 8 _aMark Pike's book enables English teachers to implement change and rise to new challenges, whilst remaining true to an ethically and socially just stance that provides the rationale for their vocation.
521 _aSpecialized.
588 _aDescription based on print version record.
650 0 _aEnglish language
_xStudy and teaching (Secondary)
_zGreat Britain.
650 0 _aEnglish literature
_xStudy and teaching (Secondary)
_zGreat Britain.
655 7 _aElectronic books.
_2local
710 2 _aSage eBooks
776 0 8 _iPrint version :
_z9780761941644
856 4 0 _uhttp://ezproxy.alfaisal.edu/login?url=http://sk.sagepub.com/books/teaching-secondary-english
942 _2lcc
_cEBOOKS
999 _c481414
_d481414